Govt. of
Madhya Pradesh

Tegore (Record no. 15509)

MARC details
000 -LEADER
fixed length control field 003410000a22001570004500
001 - CONTROL NUMBER
control field 003611
003 - CONTROL NUMBER IDENTIFIER
control field MACL
040 ## - CATALOGING SOURCE
Original cataloging agency MACL
090 ## - LOCALLY ASSIGNED LC-TYPE CALL NUMBER (OCLC); LOCAL CALL NUMBER (RLIN)
-- 15604
-- 15603
100 ## - MAIN ENTRY--PERSONAL NAME
Personal name Sen, Krishna
245 ## - TITLE STATEMENT
Title Tegore
Remainder of title And Modernity
Statement of responsibility, etc. Krishna Sen
260 ## - PUBLICATION, DISTRIBUTION, ETC. (IMPRINT)
Place of publication, distribution, etc. Das Gupta & Com.,
Date of publication, distribution, etc. 2006
350 ## - PRICE (NR) (BK AM CF MU VM SE) [OBSOLETE]
Price 300
650 ## - SUBJECT ADDED ENTRY--TOPICAL TERM
Topical term or geographic name as entry element General Collaction
942 ## - ADDED ENTRY ELEMENTS (KOHA)
Call number prefix 80
Koha item type Library Membar
Holdings
Withdrawn status Lost status Source of classification or shelving scheme Damaged status Not for loan Home library Current library Date acquired Cost, normal purchase price Total Checkouts Full call number Barcode Date last seen Uniform Resource Identifier Price effective from Koha item type
          MACL MACL 15/04/2015 300.00   080/SEN CRE019143 02/05/2024 15406 15/04/2015 Books